00779nam a2200205Ia 4500003000900000008004100009020002200050040001600072080001600088100002600104245014900130260004800279300001600327650003200343650002600375650001400401942000700415999001700422952013400439IN-BaIIA211028s9999 xx 000 0 eng d a978-1-107-09047-7 cIIA Library a523.98bHEL aSchrijver, Carolus J. 0aHeliophysicsbactive stars, their astrospheres and impacts on planetary environmentscCarolus J. Schrijver  aCambridgebCambridge University Pressc2016 axiii, 383p. aSolar magnetic fields94454 aSolar radiation95007 aSun91200 cBK c19285d19285 00104070aBANbBANcGENd2016-11-18eANJ g4331.00l0o523.98/ HELp20207r2021-11-05v4331.00w2016-11-18yBKGRs. 4331.00